000 00374nam a2200157Ia 4500
008 230917s9999||||xx |||||||||||||| ||und||
040 _e140699
_aMAIN
041 _aEnglish
082 _a345.06 A92S
100 _aAvtar Singh
245 0 _aSakshya vidhi
250 _a15th ed.
260 _aAllahabad
_bCentral Law Agency
_c2006
300 _alxiv, 476 p.
942 _cBK
999 _c146357
_d146357